| 000 | 00378nam a2200097Ia 4500 | ||
|---|---|---|---|
| 008 | 180130s9999 xx 000 0 und d | ||
| 245 |
_cSkillicorn, David B.; Reid, Edna F. _aLanguage use in the Jihadist magazines inspire and Azan |
||
| 260 | _c2016 | ||
| 300 | _aBook title: Computer and information security--Acession number C20546; pages 193-208 | ||
| 650 | _aINFORMATION SECURITY | ||
| 999 |
_c354123 _d354123 |
||